Statistics for U.S. States with the Most Billionaires

Click here to take the quiz!

General Stats

  • This quiz has been taken 27 times
  • The average score is 9 of 10

Answer Stats

#State% Correct
130New York
100%
190California
96%
72Florida
96%
25Illinois
92%
64Texas
92%
17Georgia
88%
26Massachusetts
88%
18Washington
85%
15Nevada
81%
17Pennsylvania
77%

Score Distribution

Percentile by Number Answered

Percent of People with Each Score

Your Score History

You have not taken this quiz